| 000 | 00706 a2200229 4500 | ||
|---|---|---|---|
| 005 | 20250508131744.0 | ||
| 020 | _a0080334202 : | ||
| 020 | _a0080334199 (soft) : | ||
| 050 | 0 | 0 |
_aTA347 _bRAO 1989 |
| 100 | 1 |
_aRao, Singiresu S., _d1944- |
|
| 245 | 1 | 4 |
_aThe finite element method in engineering / _cS.S. Rao. |
| 250 | _aSecond edition | ||
| 264 |
_aNew York : _bPergamon, _cc.1989 |
||
| 300 |
_a643 pages _billustrations |
||
| 336 |
_2rdacontent _atext _btxt |
||
| 337 |
_2rdamedia _aunmediated _bn |
||
| 338 |
_2rdacarrier _avolume _bnc |
||
| 504 | _aIncludes bibliographies and index. | ||
| 650 | 0 | _aFinite element method. | |
| 650 | 0 | _aEngineering mathematics. | |
| 942 |
_2lcc _cBK _esecond _h347 _iRAO _kTA |
||
| 999 |
_c11531 _d11531 |
||